000 00365nam a2200157Ia 4500
008 230524s9999 xx 000 0 und d
082 _a4
_bHOL
100 _aB.J.Holmes
_915116
245 0 _aProgramming with ANSI C
250 _a1ST
260 _aNEW DELHI
_bBPB
_c1994
300 _aVII;520
500 _aQuantity Number: 1
650 _aComp-Sc
942 _cBK
999 _c22511
_d22511